LEADER 01270nam a2200277 4500 001 000000345164 003 CaOOAMICUS 005 20210331093421.0 008 210331s2010 it 000 u ita r 020 $a978-88-8272-549-5 040 $aSeMil$bita 100 1 $aBellieni, Carlo,$d<1962- >.$0(OLS)http://semarc/name/94770 245 10$aVolere e volare :$bun romanzo e altre storie /$cCarlo Bellieni e Luigi Vittorio Berliri ; prefazione di mons. Giuseppe Betori. 264 1$a[Siena] :$bCantagalli,$c2010. 300 $a145 p. ;$c21 cm 490 1 $aIl coraggio di scegliere ;$v2 650 4$aDiversità - Aspetti sociali.$0(OLS)http://semarc/subject/47523 700 1 $aBerliri, Vittorio.$0(OLS)http://semarc/name/113398 700 1 $aBetori, Giuseppe,$c.$0(OLS)http://semarc/name/4602 830 3$aIl coraggio di scegliere ;$v2.$0(OLS)http://semarc/title/434280 850 $aSeMil 852 $aSeMil$W1$xVenegono$y1$m3F II 1032$j225471$B236233$CSeMilBibl$Z2$F236233 $81 996 $6020$a978-88-8272-549-5$9(OLS)http://semarc/number/292778 996 $6245$aVolere e volare :$bun romanzo e altre storie$9(OLS)http://semarc/title/434279 996 $6264$a[Siena] :$bCantagalli$9(OLS)http://semarc/publisher/45596 LEADER 01214nam a2200289 i 4500 001 000000203054 003 CaOOAMICUS 005 20240131112855.0 008 110615s2010 it u000 u ita u 020 $a978-88-04-57314-2 040 $aSeMil$bita 100 1 $aBobbio, Norberto,$d<1909-2004>.$0(OLS)http://semarc/name/1206 245 10$aEtica e politica :$bscritti di impegno civile /$cNorberto Bobbio ; progetto editoriale e saggio introduttivo di Marco Revelli. 250 $a3 ed. 264 1$aMilano :$bArnoldo Mondadori Editore,$c2010. 300 $aCXXVI, 1714 p. ;$c18 cm. 490 1 $aI Meridiani 500 $aIn custodia 700 1 $aRevelli, Marco,$d<1947- >.$0(OLS)http://semarc/name/23388 830 2$aI Meridiani.$0(OLS)http://semarc/title/6832 850 $aSeMil 852 $aSeMil$W1$xVenegono$y1$m2P I 1004$j245717$B153550$CSeMilBibl$Z2$F166532 $81 961 $aOmaggio: Pontiggia don Virginio 996 $6020$a978-88-04-57314-2$9(OLS)http://semarc/number/196126 996 $6245$aEtica e politica :$bscritti di impegno civile$9(OLS)http://semarc/title/293946 996 $6264$aMilano :$bArnoldo Mondadori Editore$9(OLS)http://semarc/publisher/30056